| 000 | 00600nam a2200205Ia 4500 | ||
|---|---|---|---|
| 005 | 20250508162934.0 | ||
| 008 | 008 250505s9999 xx 000 0 eng d | ||
| 020 | _a1-85396-069-1 | ||
| 037 | _aTextual | ||
| 040 |
_aFEDL _beng _cFEDL |
||
| 041 |
_aeng _2eng |
||
| 084 |
_a371.2, PRE _qFEDL |
||
| 100 |
_aPreedy Margaret Ed. _9599126 |
||
| 245 | 0 | _aTeachers' case studies in educational management | |
| 260 |
_aLondon, UK _bPaul Champman Publishing Ltd _c1989 |
||
| 300 | _aix,303p. | ||
| 650 | _aSchool Administration | ||
| 942 |
_cTEXL _h371.2, PRE |
||
| 999 |
_c1379545 _d1379545 |
||